[Event "CZE-ch Amateurs"]
[Site "Hluk"]
[Date "2025.05.07"]
[Round "4"]
[White "Kala, Jakub"]
[Black "Bielik, Miroslav"]
[Result "0-1"]
[WhiteElo "1951"]
[BlackElo "2157"]
[PlyCount "80"]
[EventDate "2025.05.06"]
[EventType "swiss"]
[EventRounds "9"]
[EventCountry "CZE"]
[SourceTitle "CB20_2025"]
[SourceDate "2025.05.14"]
[SourceVersion "1"]
[SourceVersionDate "2025.05.14"]
[SourceQuality "1"]

1. e4 c6 2. Nc3 d5 3. Nf3 Bg4 4. h3 Bxf3 5. Qxf3 e6 6. d3 Nf6 7. Bd2 Nbd7 8. g4 g6 9. Bg2 h5 10. g5 Ng8 11. 0-0 Ne7 12. Qg3 Bg7 13. Kh1 b5 14. f4 Nc5 15. Rad1 a5 16. Qf2 Nd7 17. Rde1 0-0 18. h4 Qb6 19. Qg3 Qc5 20. Be3 Qb4 21. Nd1 Qa4 22. Bh3 dxe4 23. b3 Qxa2 24. dxe4 Qxc2 25. f5 Qxe4+ 26. Kg1 Be5 27. Bf4 Qd4+ 28. Kh1 Bxf4 29. Rxf4 Qd5+ 30. Kg1 Nxf5 31. Bxf5 exf5 32. Ne3 Qxb3 33. Qf2 Rae8 34. Re2 Ne5 35. Rxf5 Nc4 36. Rf3 Qb1+ 37. Kh2 Ne5 38. Rf4 Nd3 39. Qf3 Nxf4 40. Qxf4 Qe4 0-1

[Event "CZE-ch Amateurs"]
[Site "Hluk"]
[Date "2025.05.06"]
[Round "2"]
[White "Kala, Jakub"]
[Black "Mrozowski, Patryk"]
[Result "0-1"]
[WhiteElo "1951"]
[BlackElo "2236"]
[PlyCount "124"]
[EventDate "2025.05.06"]
[EventType "swiss"]
[EventRounds "9"]
[EventCountry "CZE"]
[SourceTitle "CB20_2025"]
[SourceDate "2025.05.14"]
[SourceVersion "1"]
[SourceVersionDate "2025.05.14"]
[SourceQuality "1"]

1. Nf3 c5 2. c4 Nf6 3. Nc3 d5 4. cxd5 Nxd5 5. e4 Nb4 6. Bc4 Nd3+ 7. Ke2 Nf4+ 8. Kf1 Ne6 9. g3 g6 10. Kg2 Bg7 11. d3 Nc6 12. Be3 Ned4 13. Bxd4 cxd4 14. Nd5 0-0 15. Qd2 e6 16. Nb4 Bd7 17. Rhe1 Na5 18. Rac1 b5 19. Bb3 Nxb3 20. axb3 Qb6 21. Nc2 e5 22. b4 Qe6 23. Ng1 f5 24. Na1 fxe4 25. dxe4 Rfc8 26. Qd3 Rc4 27. b3 Rcc8 28. Rc2 Rxc2 29. Nxc2 Rc8 30. Ne2 Rf8 31. Ng1 Qc6 32. Ra1 a6 33. Ne1 Bc8 34. Ra2 Bb7 35. f3 Qd6 36. Qd2 Rc8 37. Nd3 Rc6 38. Nc5 Bc8 39. Ne2 Qf8 40. Rc2 g5 41. g4 Rf6 42. Qd3 h5 43. h3 hxg4 44. hxg4 Bxg4 45. fxg4 Rf2+ 46. Kh1 Rf3 47. Ne6 Qf6 48. Rc8+ Bf8 49. Rxf8+ Qxf8 50. Nxf8 Rxd3 51. Nd7 Re3 52. Ng1 d3 53. Nf6+ Kf7 54. Nd5 Re1 55. Kg2 d2 56. Nc3 d1Q 57. Nxd1 Rxd1 58. Nf3 Kf6 59. Kf2 Rd3 60. Ke2 Rxb3 61. Nd2 Rxb4 62. Ke3 a5 0-1

[Event "Morava-ch U14"]
[Site "Bystrice nad Pernstejnem"]
[Date "2024.11.01"]
[Round "9"]
[White "Kala, Jakub"]
[Black "Sotek, Matej"]
[Result "1/2-1/2"]
[WhiteElo "1899"]
[BlackElo "1682"]
[PlyCount "170"]
[EventDate "2024.10.26"]
[EventType "swiss"]
[EventRounds "9"]
[EventCountry "CZE"]
[SourceTitle "CB45_2024"]
[Source "ChessBase"]
[SourceDate "2024.11.06"]
[SourceVersion "1"]
[SourceVersionDate "2024.11.06"]
[SourceQuality "1"]

1. e4 d5 2. exd5 Nf6 3. Bb5+ c6 4. dxc6 bxc6 5. Be2 Qc7 6. d4 Bb7 7. Nf3 e6 8. Be3 Bd6 9. c4 Nbd7 10. Nc3 Rd8 11. 0-0 0-0 12. Qc2 a6 13. Rfd1 c5 14. dxc5 Nxc5 15. h3 Ncd7 16. b3 e5 17. Rd2 Bb4 18. Rdd1 Bxc3 19. Qxc3 Ne4 20. Qc2 f5 21. Ng5 Rde8 22. Nxe4 Bxe4 23. Bd3 Nf6 24. Bxe4 Nxe4 25. c5 Qc6 26. Qc4+ Kh8 27. f3 Nf6 28. Rd6 Qc7 29. Rad1 f4 30. Bf2 e4 31. fxe4 Nxe4 32. Rd7 Qc6 33. Qd5 Qb5 34. Bd4 Nf6 35. Bxf6 Rxf6 36. Rd8 Rff8 37. Rxe8 Rxe8 38. Rc1 Qe2 39. Rf1 Qe3+ 40. Kh1 h6 41. c6 Qb6 42. Qd7 Rd8 43. Qb7 Qxb7 44. cxb7 Rb8 45. Rxf4 Rxb7 46. Ra4 Rb6 47. Kg1 Kg8 48. Kf2 Kf7 49. Ke3 Ke6 50. Rg4 g5 51. Kd3 Kd5 52. h4 gxh4 53. Rxh4 Rg6 54. g4 Rf6 55. Rh5+ Kc6 56. Ra5 Kb6 57. Rf5 Rg6 58. Rf4 Kb5 59. Ke4 Re6+ 60. Kf5 Rc6 61. a3 Rc3 62. Rb4+ Ka5 63. Kg6 Rc6+ 64. Kh5 Rc5+ 65. Kh4 Rd5 66. Rb8 Rd1 67. Kh5 Rd5+ 68. Kh4 Rd1 69. a4 Rh1+ 70. Kg3 Rg1+ 71. Kf4 Rf1+ 72. Ke5 Rf3 73. Rh8 Rh3 74. Kf5 Kb4 75. Rb8+ Ka5 76. Kg6 Rg3 77. Kf5 Rf3+ 78. Ke4 Rf2 79. Rh8 Rh2 80. Kf5 Kb4 81. Kg6 Rg2 82. Rb8+ Ka5 83. Kf5 Rf2+ 84. Ke4 Rg2 85. Kf3 Rd2 1/2-1/2

[Event "Morava-ch U14"]
[Site "Bystrice nad Pernstejnem"]
[Date "2024.10.31"]
[Round "8"]
[White "Kala, Jakub"]
[Black "Komarek, Tobias"]
[Result "1-0"]
[WhiteElo "1899"]
[BlackElo "1798"]
[PlyCount "53"]
[EventDate "2024.10.26"]
[EventType "swiss"]
[EventRounds "9"]
[EventCountry "CZE"]
[SourceTitle "CB45_2024"]
[Source "ChessBase"]
[SourceDate "2024.11.06"]
[SourceVersion "1"]
[SourceVersionDate "2024.11.06"]
[SourceQuality "1"]

1. e4 c6 2. Nc3 d5 3. Nf3 Bg4 4. h3 Bxf3 5. Qxf3 e6 6. d3 Nd7 7. Bd2 Ngf6 8. g4 dxe4 9. dxe4 Ne5 10. Qg3 Ng6 11. 0-0-0 Bb4 12. g5 Nd7 13. a3 Bxc3 14. Bxc3 e5 15. Bc4 b5 16. Be2 0-0 17. Bg4 Qxg5+ 18. Bd2 Qe7 19. Bxd7 Qxd7 20. Bb4 Qe6 21. Bxf8 Rxf8 22. Kb1 Nf4 23. Rd2 a5 24. Qc3 Qg6 25. Qxe5 Qg2 26. Rhd1 Nxh3 27. Rd8 1-0

[Event "Morava-ch U14"]
[Site "Bystrice nad Pernstejnem"]
[Date "2024.10.28"]
[Round "4"]
[White "Boff, Ondrej"]
[Black "Kala, Jakub"]
[Result "1/2-1/2"]
[WhiteElo "1816"]
[BlackElo "1899"]
[PlyCount "46"]
[EventDate "2024.10.26"]
[EventType "swiss"]
[EventRounds "9"]
[EventCountry "CZE"]
[SourceTitle "CB45_2024"]
[Source "ChessBase"]
[SourceDate "2024.11.06"]
[SourceVersion "1"]
[SourceVersionDate "2024.11.06"]
[SourceQuality "1"]

1. e4 c6 2. d4 d5 3. e5 Bf5 4. h4 h5 5. Bd3 Bxd3 6. Qxd3 Qa5+ 7. Nd2 e6 8. Ngf3 Qa6 9. c4 Nd7 10. 0-0 Nh6 11. b3 Nf5 12. Bb2 Be7 13. g3 0-0 14. Rfd1 Nb6 15. Qc2 Rfd8 16. c5 Nd7 17. b4 b6 18. Bc3 Rac8 19. Nf1 g6 20. Qd2 Bf8 21. Rab1 Rc7 22. Rb2 Ra8 23. Qe1 Qc8 1/2-1/2

[Event "EU Union-ch U12"]
[Site "Roznov pod Radhostem"]
[Date "2024.08.13"]
[Round "9"]
[White "Kala, Jakub"]
[Black "Corral Nehama, Leo"]
[Result "0-1"]
[WhiteElo "1949"]
[BlackElo "1984"]
[PlyCount "44"]
[EventDate "2024.08.05"]
[EventType "swiss"]
[EventRounds "9"]
[EventCountry "CZE"]
[SourceTitle "EXT 2025"]
[Source "ChessBase"]
[SourceDate "2024.10.14"]
[SourceVersion "1"]
[SourceVersionDate "2024.10.14"]
[SourceQuality "1"]

1. Nf3 Nf6 2. c4 e6 3. Nc3 d5 4. e3 c5 5. cxd5 exd5 6. d4 Nc6 7. Bb5 cxd4 8. Nxd4 Bd7 9. 0-0 Bd6 10. Nce2 0-0 11. b3 Ne4 12. Bb2 Re8 13. Rc1 Rc8 14. a3 Qe7 15. Nf4 Bxf4 16. exf4 Qf6 17. Nxc6 Qxb2 18. Ne7+ Rxe7 19. Bxd7 Nc3 20. Bg4 h5 21. Bf5 Qxc1 22. Qxh5 Ne2+ 0-1

[Event "CZE-ch U12"]
[Site "Kouty nad Desnou"]
[Date "2024.03.11"]
[Round "4"]
[White "Kala, Jakub"]
[Black "Kroulik, Stepan"]
[Result "1/2-1/2"]
[WhiteElo "1750"]
[BlackElo "1683"]
[PlyCount "61"]
[EventDate "2024.03.09"]
[EventType "swiss"]
[EventRounds "9"]
[EventCountry "CZE"]
[SourceTitle "CBM 219 Extra"]
[Source "ChessBase"]
[SourceDate "2024.05.31"]
[SourceVersion "1"]
[SourceVersionDate "2024.05.31"]
[SourceQuality "1"]

1. Nf3 d5 2. c4 Nf6 3. e3 Bg4 4. Be2 e6 5. Nc3 Be7 6. b3 0-0 7. Bb2 c5 8. cxd5 exd5 9. d4 Nc6 10. Rc1 b6 11. h3 Bh5 12. 0-0 Rc8 13. a3 Re8 14. Qd2 Ne4 15. Qd1 Nxc3 16. Rxc3 Bf6 17. Rc2 Bxf3 18. Bxf3 cxd4 19. Bxd4 Nxd4 20. exd4 Rxc2 21. Qxc2 Bxd4 22. Rd1 Qf6 23. Bxd5 Rd8 24. Bf3 Bc5 25. Rxd8+ Qxd8 26. b4 Bf8 27. g3 g6 28. Kg2 a5 29. bxa5 bxa5 30. a4 Qd4 31. Qe4 1/2-1/2